| 000 -LEADER |
| fixed length control field |
00719nam a22001817a 4500 |
| 003 - CONTROL NUMBER IDENTIFIER |
| control field |
OSt |
| 005 - DATE AND TIME OF LATEST TRANSACTION |
| control field |
20260122090838.0 |
| 008 - FIXED-LENGTH DATA ELEMENTS--GENERAL INFORMATION |
| fixed length control field |
260120b xxua|||| |||| 00| 0 eng d |
| 040 ## - CATALOGING SOURCE |
| Transcribing agency |
csu |
| 100 ## - MAIN ENTRY--PERSONAL NAME |
| Personal name |
Joson, J.R. |
| Relator term |
author. |
| 245 ## - TITLE STATEMENT |
| Title |
Ang magkaibigan / |
| Statement of responsibility, etc |
isinilaysay ni J.R Joson ; guhit ni Randy Torres ; disensyo ni Milton R. de los Santos |
| 260 ## - PUBLICATION, DISTRIBUTION, ETC. (IMPRINT) |
| Place of publication, distribution, etc |
[place of publication not identified] : |
| Name of publisher, distributor, etc |
[name of publisher not identified], |
| Date of publication, distribution, etc |
[date of publication not identified]. |
| 300 ## - PHYSICAL DESCRIPTION |
| Extent |
24 pages : |
| Other physical details |
color illustrations. |
| 490 ## - SERIES STATEMENT |
| Series statement |
The bedtime stories in full color |
| 500 ## - GENERAL NOTE |
| General note |
Place of publication, publisher, and date of publication not identified. |
| 700 ## - ADDED ENTRY--PERSONAL NAME |
| Personal name |
Torres, Randy. |
| Relator term |
gumuhit. |
| 942 ## - ADDED ENTRY ELEMENTS (KOHA) |
| Koha item type |
Books |
| Source of classification or shelving scheme |
|